000 00245nam a22001097a 4500
008 140110t xxu||||| |||| 00| 0 eng d
100 _aJacques Barzun
_9620
245 _aThe Modern Researcher
250 _a6th Ed
300 _a340
942 _2ddc
_cBK
999 _c16882
_d16882